书目信息 |
| 题名: |
旅游市场监管与法制风险防范
|
|
| 作者: | 邹爱勇 著 | |
| 分册: | ||
| 出版信息: | 北京 中国旅游出版社 2018 |
|
| 页数: | 142页 | |
| 开本: | 23cm | |
| 丛书名: | ||
| 单 册: | ||
| 中图分类: | F592.1 , D922.296.4 | |
| 科图分类: | ||
| 主题词: | 旅游市场--lu^ you shi chang--监督管理--研究--中国 , 旅游业--lu^ you ye--法规--研究--中国 | |
| 电子资源: | ||
| ISBN: | 978-7-5032-6029-2 | |
| 000 | 01131nam0 2200289 450 | |
| 001 | 012001008787 | |
| 005 | 20140102142925.0 | |
| 010 | @a978-7-5032-6029-2@dCNY38.00 | |
| 099 | @aCAL 012018098937 | |
| 100 | @a20180704d2018 em y0chiy50 ea | |
| 101 | 0 | @achi |
| 102 | @aCN@b110000 | |
| 105 | @ay a 000yy | |
| 106 | @ar | |
| 200 | 1 | @a旅游市场监管与法制风险防范@Alu^ you shi chang jian guan yu fa zhi feng xian fang fan@d= Market regulation and legal risk prevention of tourism@f邹爱勇著@zeng |
| 210 | @a北京@c中国旅游出版社@d2018 | |
| 215 | @a142页@d23cm | |
| 320 | @a有书目 (第141-142页) | |
| 330 | @a本书围绕旅游市场的法治规则、监管方向、执法投诉和合规经营几个要素, 内容分为两大块, 一部分是市场监管方向和理论性问题, 一部分是执法取证和法律适用实务性问题。 | |
| 510 | 1 | @aMarket regulation and legal risk prevention of tourism@zeng |
| 606 | 0 | @a旅游市场@Alu^ you shi chang@x监督管理@x研究@y中国 |
| 606 | 0 | @a旅游业@Alu^ you ye@x法规@x研究@y中国 |
| 690 | @aF592.1@v5 | |
| 690 | @aD922.296.4@v5 | |
| 701 | 0 | @a邹爱勇@Azou ai yong@4著 |
| 801 | 0 | @aCN@b上海新华@c20191020 |
| 905 | @b1179458-61@dF592.1@e589@f4 | |
| 旅游市场监管与法制风险防范= Market regulation and legal risk prevention of tourism/邹爱勇著.-北京:中国旅游出版社,2018 |
| 142页;23cm |
| ISBN 978-7-5032-6029-2:CNY38.00 |
| 本书围绕旅游市场的法治规则、监管方向、执法投诉和合规经营几个要素, 内容分为两大块, 一部分是市场监管方向和理论性问题, 一部分是执法取证和法律适用实务性问题。 |
| ● |
| 相关链接 |
|
|
|
|
正题名:旅游市场监管与法制风险防范
索取号:F592.1/589
 
预约/预借
| 序号 | 登录号 | 条形码 | 馆藏地/架位号 | 状态 | 备注 |
| 1 | 1179458 | 211794584 | 第一样本阅览室/ [索取号:F592.1/589] | 在馆 | |
| 2 | 1179459 | 211794593 | 第一借阅区/ [索取号:F592.1/589] | 在馆 | |
| 3 | 1179460 | 211794600 | 第一借阅区/ [索取号:F592.1/589] | 在馆 | |
| 4 | 1179461 | 211794619 | 第一借阅区/ [索取号:F592.1/589] | 在馆 |